The Great Songs : 50s Rock N Roll / Doo Wop / R&B / Pop - Statistics

General Stats
  • This quiz has been taken 253 times
  • The average score is 13 of 41
Answer Stats
The Song The Artist % Correct
Don't Be Cruel Elvis Presley
84%
Great Balls Of Fire Jerry Lee Lewis
77%
Blueberry Hill Fats Domino
75%
Rock Around the Clock Bill Haley & The Comets
73%
That'll Be The Day Buddy Holly & The Crickets
68%
Wake Up Little Susie The Everly Brothers
62%
Long Tall Sally Little Richard
56%
Diana Paul Anka
48%
Whatever Will Be, Will Be (Que Sera, Sera) Doris Day
46%
Dream Lover Bobby Darin
45%
Why Do Fools Fall In Love Frankie Lymon & The Teenagers
43%
Donna Ritchie Valens
42%
You Send Me Sam Cooke
40%
Summertime Blues Eddie Cochran
39%
Sweet Little Sixteen Chuck Berry
38%
Banana Boat Day-O Harry Belafonte
38%
Mr. Sandman The Chordettes
36%
Be Bop A Lula Gene Vincent
35%
Yakety Yak The Coasters
33%
At The Hop Danny & The Juniors
29%
Tequila The Champs
29%
Lipstick On Your Collar Connie Francis
25%
Venus Frankie Avalon
25%
Only You (And You Alone) The Platters
25%
Rebel-'Rouser Duane Eddy
21%
Book Of Love The Monotones
19%
Honey Don't Carl Perkins
18%
Ballad Of A Teenage Queen Johnny Cash
18%
Rumble Link Wray
17%
Love Is Strange Mickey & Sylvia
17%
Mess Around Ray Charles
17%
Speedoo The Cadillacs
17%
A Lover's Question Clyde McPhatter
14%
Little Bitty Pretty One Thurston Harris
13%
Whispering Bells The Del-Vikings
12%
Dizzy, Miss Lizzy Larry Williams
11%
A Teenager's Romance Ricky Nelson
10%
The Happy Organ Dave "Baby" Cortez
8%
Willie and the Hand Jive Johnny Otis Show
8%
26 Miles (Santa Catalina) The Four Preps
8%
When The Kalin Twans
1%
No matching quizzes found
Score Distribution
Percent of People with Each Score
Percentile by Number Answered
Your Score History
You have not taken this quiz